Construction? (Record no. 79723)
[ view plain ]
| 000 -LEADER | |
|---|---|
| fixed length control field | 01140cab a22002295a 4500 |
| 001 - CONTROL NUMBER | |
| control field | L142074 |
| 008 - FIXED-LENGTH DATA ELEMENTS--GENERAL INFORMATION | |
| fixed length control field | 080123s2008 xxk f 000 0 eng d |
| 035 ## - SYSTEM CONTROL NUMBER | |
| System control number | (Sirsi) u142074 |
| 041 0# - LANGUAGE CODE | |
| Language code of text/sound track or separate title | eng |
| 100 1# - MAIN ENTRY--PERSONAL NAME | |
| Personal name | Smith, Kristina |
| 245 00 - TITLE STATEMENT | |
| Title | Construction? |
| Remainder of title | you must be joking |
| 260 ## - PUBLICATION, DISTRIBUTION, ETC. | |
| Date of publication, distribution, etc. | 2008 |
| 490 #0 - SERIES STATEMENT | |
| Series statement | Construction Manager |
| Volume/sequential designation | January 2008, 14-18(4) |
| 520 ## - SUMMARY, ETC. | |
| Summary, etc. | Discusses the Construction and the Built Environment Diploma and considers whether it will encourage young people to pursue a career in construction. Concerns about the diploma include the safety aspects of work experience placements for 14-15 year olds and that the diploma may be viewed as a second class option. However, it has the potential to deliver some positive outcomes for young people and employers. Also looks at the practicalities of the ambassador scheme and apprenticeship. |
| 590 ## - LOCAL NOTE (RLIN) | |
| Local note | KA |
| 650 24 - SUBJECT ADDED ENTRY--TOPICAL TERM | |
| Topical term or geographic name entry element | CONSTRUCTION AND THE BUILT ENVIRONMENT DIPLOMA |
| 651 #4 - SUBJECT ADDED ENTRY--GEOGRAPHIC NAME | |
| Geographic name | England |
| Chronological subdivision | 886- |
| 690 ## - LOCAL SUBJECT ADDED ENTRY--TOPICAL TERM (OCLC, RLIN) | |
| Topical term or geographic name as entry element | CAREERS, EDUCATION AND TRAINING-CAREERS IN SURVEYING-CAREERS IN CONSTRUCTION |
| 690 ## - LOCAL SUBJECT ADDED ENTRY--TOPICAL TERM (OCLC, RLIN) | |
| Topical term or geographic name as entry element | BUILT ENVIRONMENT |
| 700 1# - ADDED ENTRY--PERSONAL NAME | |
| Personal name | Cousins, Stephen |
| 942 ## - ADDED ENTRY ELEMENTS (KOHA) | |
| Suppress in OPAC | 0 |
| Withdrawn status | Lost status | Source of classification or shelving scheme | Damaged status | Not for loan | Home library | Current library | Shelving location | Date acquired | Total Checkouts | Full call number | Barcode | Date last seen | Copy number | Price effective from | Koha item type |
|---|---|---|---|---|---|---|---|---|---|---|---|---|---|---|---|
| Dewey Decimal Classification | London | London | Journal article | 23/01/2008 | L142074 | 142074-1001 | 06/08/2019 | 1 | 06/08/2019 | Journal article |